Beyoncé - Chansons de l'album Everything Is Love - Statistiques

Statistiques générales
  • Ce quiz a été pris 7 fois
  • Le résultat moyen est 7 sur 10
Statistiques - réponses
Hint Réponse % Correct
Everything Is Love 2 Apeshit
100%
Everything Is Love 3 Boss
83%
Everything Is Love 4 Nice
83%
Everything Is Love 1 Summer
83%
Everything Is Love 5 713
67%
Everything Is Love2 8 Black Effect
67%
Everything Is Love2 6 Friends
67%
Everything Is Love2 9 LoveHappy
67%
Everything Is Love2 7 Heard About Us
50%
Everything Is Love2 10 Salud!
0%
Aucun quiz correspondant
Distribution des résultats
% des personnes avec chaque résultat
Percentile par nombre de réponses
Votre historique - résultats
Vous n’avez pas pris ce quiz